Formułki sakramentów - Statystyki

Ogólne statystyki
  • Ten quiz został rozwiązany 18 razy
  • Średni wynik to 1 z 7
Statystyki odpowiedzi
Sakrament Miejsce ustanowienia sakr. (szczegółowo) Świadkowie Formułka % Poprawnych
Chrzest Wieczernik, cytat: "Idźcie więc i nauczajcie wszystkie narody, udzielając im chrztu w imię Ojca i Syna, i Ducha Świętego" Mt 28,19-20 Apostołowie Ja ciebie chrzczę w imię Ojca i Syna, i Ducha Świętego.
94%
Bierzmowanie Wieczernik, cytat: "...gdy Duch Święty zstąpi na was otrzymacie jego moc, będziecie Moimi świadkami w Jerozolimie, i w całej Judei, i w Samarii, i po krańce ziemi" Dz 1,8 Apostołowie i Maryja Przyjmij znamię Ducha Świętego.
28%
Eucharystia Wieczernik, cytat: "Bierzcie i jedzie, oto Ciało Moje (...) Bierzcie i pijcie, oto Krew Moja" Łk 22,14-20 Apostołowie i prawdopodobnie Maria Magdalena Bierzcie i jedzcie z tego wszyscy, to jest bowiem Ciało Moje, które za was będzie wydane.
22%
Pokuta Wieczernik, cytat: "Którym odpuścicie grzechy, są im odpuszczone, a którym zatrzymacie, są im zatrzymane" J 20,19-23 Apostołowie I ja odpuszczam tobie grzechy, w imię Ojca i Syna, i Ducha Świętego.
0%
Małżeństwo czasy Adama i Ewy, cytat: "Bądźcie płodni i rozmnażajcie się, abyście zaludnili ziemię" Adam i Ewa Ja biorę Ciebie za żonę/męża i ślubuję Ci miłość, wierność i uczciwość małżeńską oraz to, że Cię nie opuszczę aż do śmierci. Tak mi dopomóż Panie Boże Wszechmogący w Trójcy Jedyny i Wszyscy Święci.
0%
Kapłaństwo patrz: Eucharystia Apostołowie i prawdopodobnie Maria Magdalena Nasz Pan, Jezus Chrystus, którego Ojciec namaścił Duchem Świętym i mocą, niech Cię strzeże, abyś uświęcał lud chrześcijański i składał Bogu Ofiarę.
0%
Namaszczenie chorych List św. Jakuba, cytat: "...Niech sprowadzi kapłanów Kościoła, by się modlili nad nim i namaścili go olejem w imię Pana" 5,14-15 Sakrament ustanowił Jezus, lecz Ewangelia nie podaje okoliczności i szczegółów. - Pan, który odpuszcza ci grzechy niech cię wybawi i łaskawie poddźwignie.
0%
Nie znaleziono quizów pasujących do podanych kryteriów
Rozkład punktacji
Procent ludzi z każdym wynikiem
Percentyl według liczby udzielonych odpowiedzi
Twoja historia wyników
Nie rozwiązałeś tego quizu